| 000 | 01998nam a2200541 i 4500 | ||
|---|---|---|---|
| 001 | 15523 | ||
| 003 | KOSZ 005 | ||
| 005 | 20230605132041.0 | ||
| 008 | 230605s1973 pl a f 001 0 pol | ||
| 015 | _aUWD 1973/4779 | ||
| 035 | _a991033541509705066 | ||
| 035 | _a(PL-WaBN)b18980521-48omnis_nlop | ||
| 035 | _ab18980521 | ||
| 035 | _a(OCoLC)750766689 | ||
| 035 | _a(PL)b0000001898052 | ||
| 035 | _a(EXLNZ-48OMNIS_NETWORK)9910280505905606 | ||
| 040 |
_aWA N _cWA N _dKOSZ 005/RW |
||
| 046 | _k1961 | ||
| 080 | _a621.382.3 | ||
| 080 | _a(07) | ||
| 100 | 1 |
_aRosiński, Witold _d(1911-2009) _eAutor |
|
| 245 | 1 | 0 |
_aZasady działania tranzystorów / _cWitold Rosiński ; [recenzent doc.dr hab. inż. Michał Białko]. |
| 250 | _aWydanie 4. zmienione. | ||
| 260 |
_aWarszawa : _bWydawnictwa Naukowo-Techniczne, _c1973. |
||
| 300 |
_a335, [1] stron : _bilustracje ; _c21 cm. |
||
| 336 |
_aTekst _btxt _2rdacontent |
||
| 337 |
_aBez urządzenia pośredniczącego _bn _2rdamedia |
||
| 338 |
_aWolumin _bnc _2rdacarrier |
||
| 380 | _aKsiążki | ||
| 380 | _aPublikacje fachowe | ||
| 380 | _aPublikacje dydaktyczne | ||
| 385 |
_mPoziom nauczania _aSzkoły wyższe |
||
| 388 | 1 | _a1901-2000 | |
| 388 | 1 | _a1945-1989 | |
| 490 | 1 | _aUkłady Tranzystorowe | |
| 504 | _aBibliografia przy rozdziałach. Indeks. | ||
| 521 | 8 | _aKsiążka jest przeznaczona dla inżynierów interesujących się konstrukcją i właściwościami tranzystora oraz dla studentów wyższych szkół technicznych. | |
| 650 | 7 |
_aTranzystory _2DBN |
|
| 650 | 7 | _aZastosowanie i wykorzystanie | |
| 655 | 7 | _aPodręcznik | |
| 658 | _aInżynieria i technika | ||
| 700 | 1 |
_aBiałko, Michał _d(1929-2020) _eRecenzja |
|
| 710 | 2 |
_aWydawnictwa Naukowo-Techniczne _4pbl |
|
| 830 | 0 | _aUkłady Tranzystorowe | |
| 856 |
_uhttp://koha.tu.koszalin.pl/cgi-bin/koha/opac-detail.pl?biblionumber=15523 _yKatalog online BPK |
||
| 942 |
_2UKD _cKS |
||
| 999 |
_c15523 _d15523 |
||